000 00704cam a2200229 4500
001 3153178
003 OSt
005 20230703100051.0
008 700520s1970 nyuab b 001 0 eng
010 _a 74095816
040 _aDLC
_cDLC
_dDLC
082 0 0 _a352
_bGAN
100 1 _aMcCandless, Carl A.
_q(Carl Albert)
245 1 0 _aUrban government and politics
_c[by] Carl A. McCandless.
260 _aNew York,
_bMcGraw-Hill
_c[1970]
300 _ax, 517 p.
_billus., map.
_c23 cm.
490 0 _aMcGraw-Hill series in political science
504 _aIncludes bibliographies.
650 0 _aMunicipal government
_zUnited States.
906 _a7
_bcbc
_corignew
_du
_encip
_f19
_gy-gencatlg
942 _2ddc
_cBK
999 _c3182
_d3182